00449pab a2200145 454500008004000000100002400040245009300064260000900157300001300166362000800179650001900187700002100206700003100227773004500258180718b2007 xxu||||| |||| 00| 0 eng d aRatcliffe, Caroline aWelfare program performance: an analysis of South Carolina's family Independence program c2007 ap.65-90. aMar aSocial welfare aSharkey, Patrick aNightingale, Demetra Smith aAmerican Review of Public Administration